000 00775cam a22002413a 4500
001 26147
003 PGUSA
005 20140828083549.0
008 080729s2008||||xxu|||||s|||||000 | eng d
040 _aPGUSA
_beng
042 _adc
050 4 _aQB
100 1 _aAstronomical Society of the Pacific
245 1 0 _aPublications of the Astronomical Society of the Pacific :
_bVolume 1
_h[electronic resource] /
_cAstronomical Society of the Pacific
260 _bProject Gutenberg,
_c2008
506 _aPublic domain in the USA.
516 _aElectronic text
653 _aAstronomical Society of the Pacific -- Periodicals
653 _aAstronomy -- Periodicals
830 0 _aProject Gutenberg
_v26147
856 4 0 _uhttp://www.gutenberg.org/ebooks/26147
942 _cEB
999 _c255402
_d255402